Statistiques concernant Les villes d'Asie dans le titre de films

Cliquez ici pour prendre le quiz!

Statistiques générales

  • Ce quiz a été pris 57 fois
  • Le résultat moyen est 5 sur 10

Statistiques - réponses

Titre Ville % Correct
Les 55 jours de ...Pékin
94%
Les délices de ...Tokyo
81%
La dame de ...Shanghai
69%
.... , mon amourHiroshima
63%
On a marché sur ...Bangkok
62%
La comtesse de ...Hong Kong
58%
La malle de ...Singapour
35%
.... TabouTéhéran
27%
Typhon sur ...Nagasaki
13%
Good morning ...Karachi
8%

Distribution des résultats

Percentile by Number Answered

% des personnes avec chaque résultat

Votre développement - résultats

Vous n’avez pas pris ce quiz